<?xml version="1.0" encoding="UTF-8"?>
<collection xmlns="http://www.loc.gov/MARC21/slim">
 <record>
  <leader>00204pamaa2200085   4500</leader>
  <controlfield tag="001">0000035904</controlfield>
  <controlfield tag="005">20030905090000.0</controlfield>
  <datafield tag="100" ind1="1" ind2="0">
   <subfield code="a">Recycle Accession Number </subfield>
  </datafield>
  <datafield tag="245" ind1="1" ind2="0">
   <subfield code="a">Recycle Accession Number.</subfield>
  </datafield>
  <datafield tag="300" ind1=" " ind2=" ">
   <subfield code="a">Recycle Accession Number.</subfield>
  </datafield>
 </record>
</collection>
